GROWTH DEVELOPMENT OF NILE TILAPIA (Record no. 207880)

MARC details
000 -LEADER
fixed length control field 00414nam a22001457a 4500
008 - FIXED-LENGTH DATA ELEMENTS--GENERAL INFORMATION
fixed length control field 231023b |||||||| |||| 00| 0 eng d
050 ## - LIBRARY OF CONGRESS CALL NUMBER
Classification number THE SH . F44 O 29 2021 C.1
Item number C.1
100 ## - MAIN ENTRY--PERSONAL NAME
Personal name OBWOGE, WILFRED
245 ## - TITLE STATEMENT
Title GROWTH DEVELOPMENT OF NILE TILAPIA
260 ## - PUBLICATION, DISTRIBUTION, ETC.
Date of publication, distribution, etc. 2021
300 ## - PHYSICAL DESCRIPTION
Extent XVIII,96
500 ## - GENERAL NOTE
General note INCLUDES . BIBLIOGRAPHIC AN INDEX
650 ## - SUBJECT ADDED ENTRY
Topical term or geographic name entry element GROTH PERFORMANCE OF NILE TILAPIA
942 ## - ADDED ENTRY ELEMENTS (KOHA)
Source of classification or shelving scheme Library of Congress Classification
Koha item type Long Loan Book
Holdings
Withdrawn status Lost status Source of classification or shelving scheme Damaged status Not for loan Collection Home library Current library Date acquired Inventory number Total checkouts Full call number Barcode Date last seen Copy number Price effective from Koha item type
    Library of Congress Classification     Professional Courses Kisii University Library Kisii University Library 10/23/2023 099004   THE SF136 .F44 O29 2021 C.1 000000000455 10/23/2023 C.1 10/23/2023 Long Loan Book